000
00272nam a22000977a 4500
082
_a
669.3 COP'P
245
_a
COPPER AND COPPER BASE POWDER ALLOYS A LITERATED SURVEY OF RECENT TECHNICAL ADVANCES
260
_a
NEWJERSCY
_b
METAL POWDER
_c
1976
300
_a
464P
942
_c
BK
999
_c
582094
_d
582094